Steel construction: (Record no. 121454)

MARC details
000 -LEADER
fixed length control field 00772nam a22002177a 4500
008 - FIXED-LENGTH DATA ELEMENTS--GENERAL INFORMATION
fixed length control field 230405s2018 xxk|||||r|||| 00| 0 eng d
041 ## - LANGUAGE CODE
Language code of text/sound track or separate title eng
050 ## - Library of Congress Classification
Class mark 693.71
110 ## - MAIN ENTRY--CORPORATE NAME
Corporate author British Constructional Steelwork Association
245 ## - TITLE STATEMENT
Title Steel construction:
Subtitle cost
260 ## - PUBLICATION INFORMATION
Publisher British Constructional Steelwork Association,
Date May 2018
300 ## - PHYSICAL DESCRIPTION
Physical description 27p.
Dimensions 30cm
520 ## - ABSTRACT
Abstract How to cost steel-framed buildings. Articles on specific use cases for offices, education, industrial, retail and mixed-use.
650 ## - KEYWORDS
Keywords BUILDING COSTS
650 ## - KEYWORDS
Keywords STEEL
651 ## - SUBJECT ADDED ENTRY--GEOGRAPHIC NAME
Geographic name United Kingdom
690 ## - BROAD SUBJECT
9 (RLIN) 6230
Broad subject Construction management
710 ## - ADDED CORPORATE NAME
Added corporate author British Constructional Steelwork Association
856 ## - ONLINE RESOURCE
Uniform Resource Identifier <a href="http://">http://</a>
Public note Available free on RICS.org
942 ## - ADDED ENTRY ELEMENTS (KOHA)
Suppress in OPAC Do not suppress in OPAC
Holdings
Lost status Damaged status Not for loan Home library Current library Shelving location Date acquired Total Checkouts Full call number Date last seen Price effective from Koha item type
      London London Folio 05/04/2023   F693.71 05/04/2023 05/04/2023 Book